00448nam a2200145Ia 4500008004100000020001800041050002200059100002000081245004500101260005800146300002100204500005100225521000700276650001900283140529s9999 xx 000 0 und d a9780199238798 aBT 135b.L37 2008 aLangtry, Bruce. aGod, the best, and evil /cBruce Langtry aOxford ; New York :bOxford University Press,cc2008. a237 p. ;c23 cm. aIncludes bibliographical references and index. aGE aGood and evil.